000 00578nam a22001937a 4500
003 OSt
005 20260309075248.0
008 260309b |||||||| |||| 00| 0 eng d
020 _a1-59339-031-9
040 _aDWCL-Main Lib
_cOC
082 _aGR. 520 B862 2003
110 _aBRITANICA
_eCorporate Author
245 _aBritanica learning library : exploring science /
260 _aChicago :
_bEncyclopaedia Britanica,
_cc2004
300 _a63 p. :
_b ill. (chiefly col.) ;
_c29 cm.
650 _aExploring Science.
650 _aSpace (Astronomy).
942 _2ddc
_cGR
_mGR.
_n0
999 _c8757
_d8757